000 01246nam0a22002531 4500
001 rc\3551057
005 20250610035418.0
021 _aRU
_b[70-1110]
035 _a(NLR Aleph) 007675095
090 _a6476938
_c6476938
100 _a20130115d1969 |||y0rusy50 ca
101 0 _arus
102 _aRU
105 _ay z |||||
200 1 _aТезисы докладов
_fУпр. по внедрению новых лекарств. средств и мед. техники и Фармакопейный ком. М-ва здравоохранения СССР. Ин-т орган. синтеза АН Латв. ССР. Латв. респ. правл. ВХО им. Д.И. Менделеева. Всесоюз. симпозиум по методам анализа лекарств. средств. 15-17 дек. 1969 г.
210 _aРига
_cЗинатне
_d1969
215 _a185 с.
_d20
606 _aЛекарства
_xАнализ
_jТезисы докладов
_2psbo
710 1 2 _aВсесоюзный симпозиум по методам анализа лекарственных средств (1969; Рига)
801 0 _aRU
_bNLR
_gpsbo
801 1 _aRU
_bELAR
_2rusmarc
852 _aNLR
_j69-3/10351
942 _cBOOK
980 _aNB